00690nam a2200241 b 45000010008000000030009000080050017000170070008000340080032000420170009000740200015000830350006000980400025001041000018001292450047001472600040001943000021002349420012002559450028002679520104002959560032003999990017004310000620DO-SdBNP20180118130635.00000620050617 1990 fr spa  a b  a2905538554 a  aBPMSUbspacBPMSUe 1 aVers, André10aC´était quand hier? /h cAndré Vers  aParis :bRégine Deforges, c1990. a456 p. : c25 cm 2ddccBK ainventariado, 2018 / dg 00102ddc4070aBPMETbBPMETd2016-08-29eSin sellarl0pBPMSU16080257r2016-08-29w2016-08-29yBK aYLOCKWARDb10dBPMSUf00144 c11210d11210